Loading...
| History - American History | 0 | 4 | 1 | 0 | 35 | 110 | 122.00 | 0 | 0 |
| Fine Arts - Classical Music | 0 | 3 | 1 | 1 | 25 | 87 | 122.00 | 0 | 0 |
| Any History | 0 | 2 | 0 | 1 | 20 | 56 | 95.50 | 1 | 1 |
| Fine Arts - Other Fine Arts | 0 | 2 | 0 | 0 | 20 | 72 | 102.00 | 0 | 1 |
| Science - Other Science | 0 | 2 | 0 | 0 | 20 | 110 | 120.50 | 0 | 0 |
| Science - Physics | 0 | 2 | 1 | 1 | 15 | 108 | 121.00 | 0 | 0 |
| History - European History | 0 | 1 | 0 | 0 | 10 | 51 | 51.00 | 1 | 1 |
| Other Academic | 0 | 1 | 0 | 0 | 10 | 108 | 108.00 | 0 | 0 |
| Religion | 0 | 1 | 0 | 0 | 10 | 93 | 93.00 | 0 | 0 |
| Science - Chemistry | 0 | 1 | 0 | 0 | 10 | 120 | 120.00 | 0 | 0 |
| Geography | 0 | 1 | 0 | 0 | 10 | 108 | 108.00 | 0 | 0 |
| Current Events | 0 | 1 | 0 | 0 | 10 | 59 | 59.00 | 0 | 0 |
| Literature - European Literature | 0 | 1 | 0 | 0 | 10 | 130 | 130.00 | 0 | 0 |
| Literature - World Literature | 0 | 1 | 0 | 0 | 10 | 152 | 152.00 | 0 | 0 |
| Science - Biology | 0 | 2 | 3 | 0 | 5 | 93 | 110.50 | 0 | 0 |
| Literature - British Literature | 0 | 0 | 0 | 0 | 0 | 0.00 | 0 | 0 | |
| Literature - American Literature | 0 | 0 | 1 | 0 | -5 | 0.00 | 0 | 0 | |
| Painting & Sculpture | 0 | 0 | 1 | 0 | -5 | 0.00 | 0 | 0 | |
| Philosophy | 0 | 0 | 1 | 0 | -5 | 0.00 | 0 | 0 |